The Sufi (Record no. 188272)
[ view plain ]
| 000 -LEADER | |
|---|---|
| fixed length control field | 00726 a2200169 4500 |
| 003 - CONTROL NUMBER IDENTIFIER | |
| control field | Nust |
| 005 - DATE AND TIME OF LATEST TRANSACTION | |
| control field | 20221205120445.0 |
| 040 ## - CATALOGING SOURCE | |
| Transcribing agency | Nust |
| 082 ## - DEWEY DECIMAL CLASSIFICATION NUMBER | |
| Classification number | 297.4,SAJ |
| 100 ## - MAIN ENTRY--PERSONAL NAME | |
| Personal name | Sajjad.A.K |
| 9 (RLIN) | 80031 |
| 245 ## - TITLE STATEMENT | |
| Title | The Sufi |
| Remainder of title | Abandon Not The Path Of Righteousess / |
| Statement of responsibility, etc. | A.K.Sajjad |
| 260 ## - PUBLICATION, DISTRIBUTION, ETC. | |
| Place of publication, distribution, etc. | Lahore |
| Name of publisher, distributor, etc. | Modern Book |
| Date of publication, distribution, etc. | 1996 |
| 300 ## - PHYSICAL DESCRIPTION | |
| Extent | 108:p.; |
| 505 ## - FORMATTED CONTENTS NOTE | |
| Formatted contents note | Advice Of A Noble Mother (Page-1), Teaching Of Worldly Teacher (Page-5), Of Public Servants (Page-18), Of Religion As Education (Page-85), Need For A True Religion Of God (Page-103), The Wheel Of Life (Page-116), The Profession Of A Healer (Page-147), What Is That Which Is Most Sacred To God (Page-168). |
| 650 ## - SUBJECT ADDED ENTRY--TOPICAL TERM | |
| Topical term or geographic name entry element | Sufism in Islam |
| 9 (RLIN) | 104120 |
| 942 ## - ADDED ENTRY ELEMENTS (KOHA) | |
| Source of classification or shelving scheme | |
| Koha item type | Book |
| Call number prefix | 297.4,SAJ |
| Withdrawn status | Lost status | Source of classification or shelving scheme | Damaged status | Not for loan | Permanent Location | Current Location | Shelving location | Date acquired | Full call number | Barcode | Date last seen | Price effective from | Koha item type | Public note |
|---|---|---|---|---|---|---|---|---|---|---|---|---|---|---|
| Military College of Signals (MCS) | Military College of Signals (MCS) | General Stacks | 12/12/2016 | 297.4,SAJ | MCS3631 | 12/08/2016 | 12/12/2016 | Book | Almirah No.46, Shelf No.6 |
